[Event "Women's Speed Chess Q3"]
[Site "chess.com INT"]
[Date "2021.05.30"]
[Round "7"]
[White "Arpita, Mukherjee"]
[Black "Bommini, Mounika Akshaya"]
[Result "0-1"]
[WhiteTitle "WIM"]
[BlackTitle "WFM"]
[WhiteElo "2206"]
[BlackElo "2029"]
[WhiteFideId "5056403"]
[BlackFideId "25019872"]
[EventDate "2021.05.30"]

1. e4 e5 2. Nf3 Nc6 3. Bb5 Nd4 4. Ba4 Nxf3+ 5. Qxf3 Nf6 6. O-O c6 7. h3 Bc5 8.
c3 O-O 9. d3 d5 10. Bg5 h6 11. Bxf6 Qxf6 12. Qxf6 gxf6 13. exd5 cxd5 14. Bb3 Be6
15. Nd2 a5 16. a4 Kg7 17. Kh1 f5 18. Rfe1 e4 19. d4 Bd6 20. Nf1 Kf6 21. Ne3 Rg8
22. Bxd5 f4 23. Bxe6 fxe3 24. Bg4 exf2 25. Rxe4 Rae8 26. Rxe8 Rxe8 27. Rf1 Re1
28. Be2 Rxe2 29. g4 Bg3 30. Kg2 Bh4 31. b4 Re1 32. bxa5 Ke6 33. c4 Kd6 34. a6
bxa6 35. d5 Kc5 36. a5 Kd6 37. c5+ Kxc5 38. Rxf2 Bxf2 39. Kxf2 Re5 0-1

[Event "Women's Speed Chess Q3"]
[Site "chess.com INT"]
[Date "2021.05.30"]
[Round "7"]
[White "Gevorgyan, Maria"]
[Black "Morris-Suzuki, Sophie"]
[Result "0-1"]
[WhiteTitle "WGM"]
[BlackTitle "WFM"]
[WhiteElo "2219"]
[BlackElo "2043"]
[WhiteFideId "13300270"]
[BlackFideId "30922615"]
[EventDate "2021.05.30"]

1. e4 c5 2. Nc3 e6 3. f4 a6 4. Nf3 b5 5. d4 cxd4 6. Nxd4 Bb7 7. Bd3 Qc7 8. O-O
d6 9. Qe2 Nf6 10. a3 Nbd7 11. Bd2 Be7 12. Rae1 h5 13. e5 dxe5 14. fxe5 Bc5 15.
exf6 Bxd4+ 16. Kh1 Nxf6 17. Ne4 Ng4 18. Bf4 Be5 19. h3 Bxf4 20. hxg4 hxg4+ 21.
Kg1 g3 22. Qg4 Qb6+ 23. Nf2 gxf2+ 24. Rxf2 Be3 25. Rxe3 Qxe3 26. Qxg7 O-O-O 27.
Qc3+ Kb8 28. a4 Rdg8 29. Bf1 Rh1+ 30. Kxh1 Qxf2 31. Qe5+ Ka8 32. Qe2 Bxg2+ 0-1

[Event "Women's Speed Chess Q3"]
[Site "chess.com INT"]
[Date "2021.05.30"]
[Round "7"]
[White "Cori T., Deysi"]
[Black "Shuvalova, Polina"]
[Result "1-0"]
[WhiteTitle "WGM"]
[BlackTitle "IM"]
[WhiteElo "2388"]
[BlackElo "2484"]
[WhiteFideId "3801934"]
[BlackFideId "24171760"]
[EventDate "2021.05.30"]

1. d4 Nf6 2. Nf3 e6 3. e3 b6 4. Bd3 Bb7 5. O-O Be7 6. c4 c5 7. Nc3 cxd4 8. exd4
d5 9. cxd5 Nxd5 10. Ne5 O-O 11. Qh5 f5 12. Re1 Nd7 13. Nf3 N7f6 14. Qh3 Qd6 15.
Ng5 Nc7 16. Bc4 Bd5 17. Bxd5 exd5 18. Qxf5 Rae8 19. Bf4 Qd8 20. Bxc7 Qxc7 21.
Qe6+ Kh8 22. Nf7+ Rxf7 23. Qxf7 Qd7 24. Re6 Ng8 25. Rae1 Rf8 26. Qh5 Bf6 27.
Qxd5 Qc7 28. g3 h6 29. Qe4 Qc4 30. Nd5 Bxd4 31. Nf4 Qc5 32. Ng6+ Kh7 33. Nxf8+
Kh8 34. Qh7# 1-0

[Event "Women's Speed Chess Q3"]
[Site "chess.com INT"]
[Date "2021.05.30"]
[Round "7"]
[White "Zaichenko, Daria"]
[Black "Tokhirjonova, Gulrukhbegim"]
[Result "1-0"]
[WhiteTitle "WFM"]
[BlackTitle "WGM"]
[WhiteElo "2104"]
[BlackElo "2350"]
[WhiteFideId "4197453"]
[BlackFideId "14203626"]
[EventDate "2021.05.30"]

1. e4 e5 2. Nf3 Nc6 3. d4 exd4 4. Nxd4 Nf6 5. Nc3 Bb4 6. Nxc6 bxc6 7. e5 Qe7 8.
Qe2 Nd5 9. Bd2 O-O 10. Nxd5 cxd5 11. Bxb4 Qxb4+ 12. c3 Qe7 13. O-O-O Rb8 14.
Rxd5 Re8 15. f4 Bb7 16. Rd1 d6 17. Rg1 dxe5 18. Qxe5 Qf8 19. Qxc7 Rec8 20. Qd6
Qe8 21. Bd3 Qe3+ 22. Kb1 Rd8 23. Qe5 Qb6 24. Qf5 g6 25. Qb5 Qf6 26. Qe5 Qb6 27.
b3 Bc6 28. Rge1 a5 29. Bc4 a4 30. Qe7 Rxd1+ 31. Rxd1 axb3 32. Qxf7+ Kh8 33. Qf6# 1-0

[Event "Women's Speed Chess Q3"]
[Site "chess.com INT"]
[Date "2021.05.30"]
[Round "7"]
[White "Pourkashiyan, Atousa"]
[Black "Grigoryan, Meri"]
[Result "1-0"]
[WhiteTitle "WGM"]
[BlackTitle "WFM"]
[WhiteElo "2322"]
[BlackElo "2044"]
[WhiteFideId "12502014"]
[BlackFideId "13300571"]
[EventDate "2021.05.30"]

1. e4 e5 2. Nf3 Nc6 3. Bb5 Nf6 4. d3 Bc5 5. c3 d6 6. O-O O-O 7. Nbd2 Bg4 8. h3
Bh5 9. Re1 a6 10. Ba4 b5 11. Bc2 Bb6 12. Nf1 Re8 13. Ng3 Bg6 14. a3 Ne7 15. d4
Nc6 16. d5 Ne7 17. Nh4 c6 18. Bg5 cxd5 19. Bxf6 gxf6 20. exd5 Qc7 21. Ngf5 Nxf5
22. Nxf5 Qc5 23. Rf1 Kh8 24. Qf3 Qc8 25. Nh6 Qd8 26. Bf5 Kg7 27. Ng4 h5 28. Ne3
Qe7 29. Rad1 Rh8 30. Qg3 Rh6 31. Bxg6 Kh8 32. Nf5 1-0

[Event "Women's Speed Chess Q3"]
[Site "chess.com INT"]
[Date "2021.05.30"]
[Round "7"]
[White "Nguyen, Thi Thanh An"]
[Black "Narva, Mai"]
[Result "1-0"]
[WhiteTitle "WGM"]
[BlackTitle "WIM"]
[WhiteElo "2259"]
[BlackElo "2276"]
[WhiteFideId "12400300"]
[BlackFideId "4500512"]
[EventDate "2021.05.30"]

1. d4 Nf6 2. Bf4 d5 3. e3 e6 4. Nf3 Bd6 5. Bg5 c5 6. c3 Nc6 7. Nbd2 O-O 8. Bd3
e5 9. dxe5 Nxe5 10. Nxe5 Bxe5 11. Nf3 Bc7 12. h3 h6 13. Bh4 Be6 14. O-O g5 15.
Bg3 Bxg3 16. fxg3 Kg7 17. Ne5 Qd6 18. Nf3 Qxg3 19. Kh1 Rad8 20. Qe2 Rfe8 21. Bc2
c4 22. Nd4 Bc8 23. Rf3 Qh4 24. Raf1 Rd6 25. Bf5 Nh5 26. Bxc8 Kg8 27. Nf5 Qe4 28.
Nxd6 1-0

[Event "Women's Speed Chess Q3"]
[Site "chess.com INT"]
[Date "2021.05.30"]
[Round "7"]
[White "Ramirez, Maria Eugenia"]
[Black "Agrest, Inna"]
[Result "0-1"]
[WhiteTitle "WFM"]
[BlackTitle "WIM"]
[WhiteElo "2057"]
[BlackElo "2285"]
[WhiteFideId "3301680"]
[BlackFideId "1708830"]
[EventDate "2021.05.30"]

1. e4 e5 2. Nf3 Nc6 3. Nc3 Nf6 4. Bb5 Bd6 5. O-O O-O 6. Bxc6 dxc6 7. d4 exd4 8.
Qxd4 c5 9. Qd3 Be7 10. Qe2 Bg4 11. h3 Bh5 12. Bg5 h6 13. Rad1 Qe8 14. Bf4 Rc8
15. g4 Bg6 16. e5 Nd7 17. Nd5 c6 18. Nc3 Nb6 19. Bg3 Rd8 20. Rfe1 Rxd1 21. Rxd1
Qc8 22. Ne4 Re8 23. c3 Nd5 24. c4 Nb6 25. b3 a5 26. Qe3 Nd7 27. e6 fxe6 28. Ne5
Nxe5 29. Bxe5 Rd8 30. Nd6 Bxd6 31. Bxd6 Re8 32. Qxc5 Qd7 33. Qxa5 Qf7 34. Qd2
Qf3 35. Qe3 Qxd1+ 36. Kg2 Qxd6 37. f3 Rd8 38. h4 Qd2+ 39. Kh3 Qxe3 0-1

[Event "Women's Speed Chess Q3"]
[Site "chess.com INT"]
[Date "2021.05.30"]
[Round "7"]
[White "Eswaran, Ashritha"]
[Black "Kiran, Manisha Mohanty"]
[Result "1-0"]
[WhiteTitle "WIM"]
[BlackTitle "WGM"]
[WhiteElo "2244"]
[BlackElo "2168"]
[WhiteFideId "2080788"]
[BlackFideId "5019575"]
[EventDate "2021.05.30"]

1. e4 c5 2. Nf3 d6 3. d4 cxd4 4. Nxd4 Nf6 5. Nc3 Nc6 6. Bg5 e6 7. Qd2 Be7 8.
O-O-O Nxd4 9. Qxd4 O-O 10. Kb1 a6 11. f4 b5 12. Bxf6 Bxf6 13. e5 dxe5 14. Qxd8
Bxd8 15. fxe5 Bc7 16. Re1 Bb7 17. a4 b4 18. Ne4 Bxe5 19. Nc5 Bd4 20. Nxb7 Rab8
21. Bxa6 Ra8 22. Bb5 Rfb8 23. Nd6 e5 24. Nc4 f6 25. g4 Ra7 26. Nd2 Kf8 27. Nb3
Bf2 28. Rd1 Be3 29. Rd5 Bf4 30. h3 Kf7 31. Rhd1 Kg6 32. Rd7 Rbb7 33. Rxb7 Rxb7
34. Rd7 Rxd7 35. Bxd7 Be3 36. a5 Kg5 37. Nc1 Kh4 38. Nd3 Kxh3 39. Nxb4 Kg3 40.
Nd5 Ba7 41. b4 e4 42. b5 h5 43. b6 Bb8 44. gxh5 Kh4 45. a6 Kxh5 46. a7 Bxa7 47.
bxa7 1-0

[Event "Women's Speed Chess Q3"]
[Site "chess.com INT"]
[Date "2021.05.30"]
[Round "7"]
[White "Bodnaruk, Anastasia"]
[Black "Padmini, Rout"]
[Result "1-0"]
[WhiteTitle "IM"]
[BlackTitle "IM"]
[WhiteElo "2457"]
[BlackElo "2370"]
[WhiteFideId "4181751"]
[BlackFideId "5029295"]
[EventDate "2021.05.30"]

1. e4 c5 2. Nc3 e6 3. Nge2 Nc6 4. g3 Nd4 5. Bg2 Ne7 6. Nxd4 cxd4 7. Ne2 Nc6 8.
d3 Bb4+ 9. c3 dxc3 10. bxc3 Ba5 11. O-O O-O 12. d4 d5 13. e5 f6 14. f4 Bd7 15.
Be3 Be8 16. g4 fxe5 17. dxe5 Bg6 18. Rc1 Rc8 19. Nd4 Nxd4 20. Bxd4 Qd7 21. Qd2
b5 22. Kh1 a6 23. h4 h5 24. f5 exf5 25. Qg5 Qf7 26. e6 Qxe6 27. gxh5 Bb6 28.
hxg6 Bxd4 29. cxd4 Rxc1 30. Rxc1 Rf6 31. h5 b4 32. Qf4 a5 33. Kh2 a4 34. Qe5 1-0

[Event "Women's Speed Chess Q3"]
[Site "chess.com INT"]
[Date "2021.05.30"]
[Round "7"]
[White "Ziegenfuss, Antonia"]
[Black "Luong, Phuong Hanh"]
[Result "1-0"]
[WhiteTitle "WFM"]
[BlackTitle "WIM"]
[WhiteElo "2157"]
[BlackElo "2229"]
[WhiteFideId "12962554"]
[BlackFideId "12401013"]
[EventDate "2021.05.30"]

1. d4 Nf6 2. c4 g6 3. Nc3 d5 4. cxd5 Nxd5 5. e4 Nxc3 6. bxc3 Bg7 7. Qa4+ c6 8.
Nf3 O-O 9. Be2 Nd7 10. O-O Nb6 11. Qc2 Be6 12. a4 Bc4 13. a5 Bxe2 14. Qxe2 Nd7
15. Be3 Nf6 16. e5 Nd5 17. Bd2 Nc7 18. Rfb1 Nb5 19. a6 bxa6 20. Rxa6 Qc8 21.
Rba1 Rd8 22. Be1 Qc7 23. Qa2 c5 24. e6 f5 25. Qc4 Rab8 26. dxc5 Qb7 27. c6 Qc7
28. Ng5 Bf6 29. Nf7 Rdc8 30. Qa4 Ra8 31. Rd1 Nd6 32. Nxd6 exd6 33. c4 Kg7 34.
Ba5 Qe7 35. c7 Qxe6 36. Qc6 Be5 37. Re1 Qf6 38. Qd7+ Kh6 39. Rxa7 Rxa7 40. Qxc8
Rxa5 41. Qb8 Rc5 42. c8=Q Rxc8 43. Qxc8 Qh4 44. g3 Qxc4 45. Qf8+ Bg7 46. Qe7 g5
47. Re6+ Kh5 48. Qf7+ Kg4 49. h3+ Kf3 50. Re3# 1-0

[Event "Women's Speed Chess Q3"]
[Site "chess.com INT"]
[Date "2021.05.30"]
[Round "7"]
[White "Szente Varga, Fruzsina"]
[Black "Petrova, Irina"]
[Result "1-0"]
[WhiteTitle "WFM"]
[BlackTitle "WIM"]
[WhiteElo "2100"]
[BlackElo "2110"]
[WhiteFideId "712264"]
[BlackFideId "14124122"]
[EventDate "2021.05.30"]

1. e4 d6 2. d4 Nf6 3. Nc3 e5 4. d5 c6 5. Be3 Be7 6. Qd2 h6 7. O-O-O O-O 8. f3
Nh5 9. g4 Nf4 10. Kb1 Nd7 11. Bxf4 exf4 12. Qxf4 Ne5 13. dxc6 bxc6 14. h4 Be6
15. g5 h5 16. Nge2 Rb8 17. Nd4 Qa5 18. Nb3 Bxb3 19. axb3 Ng6 20. Qg3 d5 21. exd5
cxd5 22. Rxd5 Qb4 23. Bd3 Rbd8 24. Bxg6 fxg6 25. Rhd1 Rxd5 26. Nxd5 Qc5 27. Qe5
Bd6 28. Qe6+ Kh7 29. b4 Qc6 30. Ne7 Qxf3 31. Qxg6+ Kh8 32. Rxd6 Qf1+ 33. Ka2
Qc4+ 34. Ka3 Rf3+ 35. b3 Rxb3+ 36. cxb3 Qc1+ 37. Ka4 Qa1+ 38. Kb5 Qf1+ 39. Kc6
Qa6+ 40. Kd7 Qb7+ 41. Ke6 a5 42. Qxh5# 1-0

[Event "Women's Speed Chess Q3"]
[Site "chess.com INT"]
[Date "2021.05.30"]
[Round "7"]
[White "Starosta, Martyna"]
[Black "Tarasova, Viktoriya"]
[Result "0-1"]
[WhiteTitle "WCM"]
[BlackTitle "WIM"]
[WhiteElo "1910"]
[BlackElo "2226"]
[WhiteFideId "21818754"]
[BlackFideId "4175840"]
[EventDate "2021.05.30"]

1. e4 c5 2. Nf3 d6 3. d4 cxd4 4. Nxd4 Nf6 5. Nc3 a6 6. Bg5 e6 7. f4 Qb6 8. Qd3
Nbd7 9. O-O-O Nc5 10. Qg3 Qc7 11. e5 Nfe4 12. Nxe4 Nxe4 13. Qe3 Nxg5 14. fxg5
dxe5 15. Nb5 axb5 16. Bxb5+ Ke7 17. Qd2 f6 18. Rhf1 Kf7 19. gxf6 g6 20. Kb1 b6
21. Qe3 h5 22. g4 hxg4 23. Qg5 Bh6 24. Qxg4 Ra5 25. Rg1 Rg8 26. Bd3 e4 27. Bxe4
Rg5 28. Qf3 Qe5 29. Rxg5 Bxg5 30. Bd3 Qxf6 31. Qc6 Kg7 32. Qc7+ Qe7 33. Qe5+ Bf6
34. Qg3 Qf7 35. Rg1 g5 36. h4 Rh8 37. hxg5 Bd4 38. Qg4 Bxg1 0-1

[Event "Women's Speed Chess Q3"]
[Site "chess.com INT"]
[Date "2021.05.30"]
[Round "7"]
[White "Sliwicka, Alicja"]
[Black "Nguyen, Hong Anh"]
[Result "1-0"]
[WhiteTitle "WIM"]
[BlackTitle "WIM"]
[WhiteElo "2346"]
[BlackElo "1993"]
[WhiteFideId "1150677"]
[BlackFideId "12406732"]
[EventDate "2021.05.30"]

1. e4 c5 2. Nf3 Nc6 3. d4 cxd4 4. Nxd4 g6 5. c4 Nf6 6. Nc3 d6 7. f3 Nxd4 8. Qxd4
Bg7 9. Be3 O-O 10. Qd2 Be6 11. Be2 Qa5 12. Rc1 Rfc8 13. b3 a6 14. Nd5 Qxd2+ 15.
Kxd2 Nxd5 16. cxd5 Bd7 17. g3 Bb2 18. Rc2 Ba3 19. Bd4 a5 20. Rb1 Bb4+ 21. Bc3
Rxc3 22. Rxc3 a4 23. bxa4 Bxc3+ 24. Kxc3 Rxa4 25. Bc4 b5 26. Bb3 Ra7 27. Kd2 Rc7
28. Rc1 Rxc1 29. Kxc1 Kg7 30. Kc2 Kf6 31. f4 g5 32. Kc3 h5 33. Bd1 h4 34. Be2
hxg3 35. hxg3 gxf4 36. gxf4 e6 37. dxe6 fxe6 38. Kb4 1-0

[Event "Women's Speed Chess Q3"]
[Site "chess.com INT"]
[Date "2021.05.30"]
[Round "7"]
[White "Skuhala, Barbara"]
[Black "Swati, Mohota"]
[Result "0-1"]
[WhiteTitle "WFM"]
[BlackTitle "WFM"]
[WhiteElo "2077"]
[BlackElo "2027"]
[WhiteFideId "14605465"]
[BlackFideId "5006511"]
[EventDate "2021.05.30"]

1. e4 Nf6 2. Nc3 d5 3. exd5 Nxd5 4. d4 Nxc3 5. bxc3 Bf5 6. Nf3 e6 7. Bd3 Bg4 8.
Be2 c5 9. O-O Nc6 10. Be3 Bxf3 11. Bxf3 c4 12. Re1 Bd6 13. d5 Ne5 14. dxe6 fxe6
15. Bf4 Nxf3+ 16. Qxf3 O-O 17. Re4 Bxf4 18. Rxf4 Qd2 19. Rf1 Rxf4 20. Qxb7 Raf8
21. Qxa7 Qxc2 22. g3 R4f7 23. Qb6 e5 24. a4 Qxa4 25. Qd6 Qb5 26. Qe6 e4 27. Qxe4
Qf5 28. Qxc4 Qf3 29. Qb3 h5 30. h4 Kh7 31. Qc2+ Kh8 32. Qd2 Rf6 33. c4 Rg6 34.
c5 Rxg3+ 35. fxg3 Qxf1+ 0-1

[Event "Women's Speed Chess Q3"]
[Site "chess.com INT"]
[Date "2021.05.30"]
[Round "7"]
[White "Berend, Elvira"]
[Black "Sviridova, Vlada"]
[Result "0-1"]
[WhiteTitle "WGM"]
[BlackTitle "WFM"]
[WhiteElo "2326"]
[BlackElo "2144"]
[WhiteFideId "4000510"]
[BlackFideId "24109606"]
[EventDate "2021.05.30"]

1. e4 e6 2. d4 d5 3. Nc3 Bb4 4. e5 c5 5. a3 Bxc3+ 6. bxc3 Ne7 7. Qg4 O-O 8. Bd3
Nbc6 9. Nf3 f5 10. exf6 Rxf6 11. Bg5 Rf7 12. Qh4 g6 13. O-O c4 14. Be2 Qa5 15.
Ne5 Nxe5 16. Bxe7 Nc6 17. Bb4 Qc7 18. a4 a5 19. Ba3 e5 20. Bg4 Bxg4 21. Qxg4
exd4 22. cxd4 Re8 23. Rae1 Rfe7 24. Rxe7 Rxe7 25. Bxe7 Qxe7 26. g3 Qf6 27. Qc8+
Kg7 28. Qxb7+ Kh6 29. Qc7 g5 30. Qb6 Kg6 31. Re1 Nxd4 32. Qxf6+ Kxf6 33. Re8
Nxc2 34. Ra8 c3 35. Rxa5 d4 36. Kf1 d3 37. Rd5 Nb4 38. Rd4 c2 39. Rd6+ Ke5 40.
Rxd3 Nxd3 0-1

[Event "Women's Speed Chess Q3"]
[Site "chess.com INT"]
[Date "2021.05.30"]
[Round "7"]
[White "Tanishka, Kotia"]
[Black "Eswaran, Aksithi"]
[Result "0-1"]
[WhiteTitle "WFM"]
[BlackTitle "WCM"]
[WhiteElo "1849"]
[BlackElo "1745"]
[WhiteFideId "25005600"]
[BlackFideId "2083485"]
[EventDate "2021.05.30"]

1. e4 c5 2. c3 d5 3. exd5 Qxd5 4. d4 Nc6 5. Nf3 Bg4 6. Be2 e6 7. O-O Nf6 8. Be3
Be7 9. dxc5 Qxd1 10. Rxd1 Nd5 11. Bd4 O-O 12. h3 Bf5 13. Nbd2 Rac8 14. Nb3 f6
15. Bc4 Bc2 16. Rd2 Bxb3 17. Bxb3 Rfd8 18. Re1 Kf7 19. Red1 Kf8 20. Ne1 e5 21.
Be3 Nxe3 22. fxe3 Bxc5 23. Rd7 Bxe3+ 24. Kh2 Bf4+ 25. g3 Be3 26. Ng2 Bb6 27.
Rf7+ Ke8 28. Rxg7 Rxd1 29. Bxd1 Rc7 30. Bh5+ Kd8 31. Rg8+ Kd7 32. Rg7+ Kd6 33.
Rg8 a5 34. Ne3 Bxe3 35. Rh8 Kc5 36. Rf8 Kb6 37. Rxf6 Rd7 38. Re6 Rd2+ 39. Kh1
Rxb2 40. Be8 Rxa2 41. Bxc6 bxc6 42. Rxe5 Bc5 43. Rh5 Ra3 44. Rxh7 Rxc3 45. Rh8
Rxg3 46. Kh2 Rd3 47. h4 a4 48. h5 a3 49. h6 a2 50. Ra8 Ra3 51. h7 Rxa8 0-1

[Event "Women's Speed Chess Q3"]
[Site "chess.com INT"]
[Date "2021.05.30"]
[Round "7"]
[White "Franco Valencia, Angela"]
[Black "Samaganova, Alexandra"]
[Result "0-1"]
[WhiteTitle "WIM"]
[BlackTitle "WFM"]
[WhiteElo "2089"]
[BlackElo "1993"]
[WhiteFideId "4403070"]
[BlackFideId "13800221"]
[EventDate "2021.05.30"]

1. e4 c5 2. Nf3 e6 3. d4 cxd4 4. Nxd4 a6 5. Nc3 Qc7 6. g3 Nf6 7. Bg2 Be7 8. O-O
O-O 9. Kh1 Nc6 10. a4 Rb8 11. f4 d6 12. Nb3 b5 13. axb5 axb5 14. g4 b4 15. Na4
Nd7 16. Be3 Bb7 17. g5 Nd8 18. Qh5 Qxc2 19. Nd4 Qd3 20. Rf3 Bxe4 21. Rh3 Bxg2+
22. Kxg2 Qg6 23. Qf3 Nc5 24. Nxc5 dxc5 25. Ne2 Bd6 26. Ng3 c4 27. Rd1 Bc7 28. f5
exf5 29. Nxf5 Kh8 30. Ne7 Qc2+ 31. Rd2 Qb1 32. g6 h6 33. gxf7 Rxf7 34. Qg4 Qf1# 0-1

[Event "Women's Speed Chess Q3"]
[Site "chess.com INT"]
[Date "2021.05.30"]
[Round "7"]
[White "Perez Rodriguez, Jennifer"]
[Black "Obregon Garcia, Roxangel"]
[Result "1/2-1/2"]
[WhiteTitle "WIM"]
[BlackTitle "WIM"]
[WhiteElo "2251"]
[BlackElo "2167"]
[WhiteFideId "3507831"]
[BlackFideId "3520420"]
[EventDate "2021.05.30"]

1. e4 c5 2. Nf3 Nc6 3. c3 d5 4. exd5 Qxd5 5. d4 Bf5 6. Be3 cxd4 7. cxd4 Bxb1 8.
Rxb1 e6 9. Rc1 Qxa2 10. Bc4 Qa5+ 11. Bd2 Bb4 12. O-O Nge7 13. Bxb4 Qxb4 14. d5
exd5 15. Bd3 h6 16. Re1 O-O 17. Qc2 Rac8 18. Qb1 d4 19. Qa2 Qd6 20. Qb3 Nb4 21.
Bc4 Nbd5 22. Nxd4 a6 23. Rcd1 b5 24. Bd3 Nf4 25. Bh7+ Kxh7 26. Nf5 Qf6 27. Nxe7
Rce8 28. Qc2+ Kh8 29. Nc6 Rxe1+ 30. Rxe1 Rc8 31. Rc1 Nd5 32. Qc5 Ne7 33. b4 Rxc6
34. Qe3 Rxc1+ 35. Qxc1 Nd5 36. h3 Qd4 37. Qc8+ Kh7 38. Qf5+ Kg8 39. Qc8+ Kh7 40.
Qf5+ Kg8 41. Qc8+ Kh7 1/2-1/2

[Event "Women's Speed Chess Q3"]
[Site "chess.com INT"]
[Date "2021.05.30"]
[Round "7"]
[White "Narva, Regina"]
[Black "Dordzhieva, Dinara"]
[Result "0-1"]
[WhiteTitle "WFM"]
[BlackTitle "WGM"]
[WhiteElo "1901"]
[BlackElo "2334"]
[WhiteFideId "4500237"]
[BlackFideId "24157570"]
[EventDate "2021.05.30"]

1. e4 c5 2. Nc3 Nc6 3. Nf3 g6 4. d4 cxd4 5. Nxd4 Bg7 6. Nde2 Nf6 7. g3 d6 8. Bg2
Bd7 9. O-O O-O 10. Bg5 a6 11. Qd2 Re8 12. a3 Rc8 13. h4 Ne5 14. f4 Nc4 15. Qc1
Ng4 16. f5 Qb6+ 17. Kh1 Qxb2 18. Qxb2 Nxb2 19. Nd5 f6 20. Nb6 fxg5 21. Nxc8 Rxc8
22. fxg6 hxg6 23. Rac1 Ne3 24. Rf2 Nxg2 25. Kxg2 gxh4 26. gxh4 Nc4 27. Nf4 Bc6
28. Nd5 Bxd5 29. exd5 Ne3+ 30. Kf3 Nxd5 31. Rd2 Rc3+ 32. Rd3 Rc5 33. Rb1 b5 34.
a4 Nc3 35. Re1 e5 36. axb5 e4+ 37. Rxe4 Nxe4 38. Kxe4 axb5 39. Rxd6 Kh7 40. Kd3
Rc4 41. Rb6 Rc5 42. c3 Rh5 43. Rb7 Kh6 44. Rb6 Rc5 0-1

[Event "Women's Speed Chess Q3"]
[Site "chess.com INT"]
[Date "2021.05.30"]
[Round "7"]
[White "Komiagina, Maria"]
[Black "Dworakowska, Joanna"]
[Result "0-1"]
[WhiteTitle "WIM"]
[BlackTitle "IM"]
[WhiteElo "2241"]
[BlackElo "2322"]
[WhiteFideId "4153987"]
[BlackFideId "1107445"]
[EventDate "2021.05.30"]

1. d4 f5 2. Nf3 Nf6 3. g3 g6 4. Bg2 Bg7 5. O-O d6 6. c4 O-O 7. Nc3 Nc6 8. Qb3
Na5 9. Qa4 b6 10. Nd2 Bd7 11. Qc2 Rc8 12. b4 Nc6 13. Bxc6 Bxc6 14. b5 Bb7 15. a4
Qe8 16. a5 e5 17. d5 Rb8 18. axb6 axb6 19. Ra7 Nd7 20. Nb3 e4 21. e3 Ne5 22. Nd4
g5 23. Qd1 g4 24. Qe2 Rf6 25. h4 Rh6 26. Kg2 Bf6 27. Nxf5 Rh5 28. Nd4 Bxh4 29.
gxh4 Rxh4 30. Rh1 Qh5 31. Qf1 Nf3 32. Nce2 Rh2+ 33. Kg3 Qh4+ 34. Kf4 g3+ 35. Kf5
Rf8+ 36. Ke6 Bc8# 0-1

[Event "Women's Speed Chess Q3"]
[Site "chess.com INT"]
[Date "2021.05.30"]
[Round "7"]
[White "Vo, Thi Kim Phung"]
[Black "Rakshitta, Ravi"]
[Result "1-0"]
[WhiteTitle "WGM"]
[BlackTitle "WIM"]
[WhiteElo "2335"]
[BlackElo "2190"]
[WhiteFideId "12401838"]
[BlackFideId "25073230"]
[EventDate "2021.05.30"]

1. d4 Nf6 2. c4 Nc6 3. Nc3 e6 4. Nf3 Bb4 5. Qc2 Bxc3+ 6. Qxc3 d6 7. Bg5 Qe7 8.
e3 e5 9. d5 Nb8 10. Nd2 h6 11. Bh4 O-O 12. Bd3 a5 13. O-O Nbd7 14. a3 Qe8 15. b4
g5 16. Bg3 Nh5 17. Nb3 f5 18. f3 Nxg3 19. hxg3 Nf6 20. Nxa5 Qh5 21. Kf2 e4 22.
Be2 exf3 23. gxf3 Qh2+ 24. Ke1 Qxg3+ 25. Kd2 Kf7 26. Nb3 f4 27. e4 Bh3 28. Rg1
Qf2 29. Qd4 Qh4 30. Rh1 Qg3 31. Rag1 Bg2 32. Rxh6 Ke7 33. e5 Ng8 34. exd6+ cxd6
35. Re6+ Kd7 36. Qg7+ Kc8 37. Qxf8+ Kc7 38. Qxa8 Qf2 39. Rxg2 Qxg2 40. Na5 Qf2
41. Qxb7+ Kd8 42. Nc6# 1-0

[Event "Women's Speed Chess Q3"]
[Site "chess.com INT"]
[Date "2021.05.30"]
[Round "7"]
[White "Papp, Petra"]
[Black "Mkrtchian, Lilit"]
[Result "0-1"]
[WhiteTitle "WGM"]
[BlackTitle "IM"]
[WhiteElo "2336"]
[BlackElo "2388"]
[WhiteFideId "739049"]
[BlackFideId "13300601"]
[EventDate "2021.05.30"]

1. e4 e6 2. d3 d5 3. Nd2 c5 4. Ngf3 Nc6 5. g3 Bd6 6. Bg2 Nge7 7. O-O O-O 8. Re1
Qc7 9. c3 b6 10. Qe2 f6 11. Nf1 d4 12. cxd4 cxd4 13. Bd2 e5 14. Rac1 Be6 15. a3
Rfc8 16. h4 Qd7 17. N1h2 Na5 18. h5 Nb3 19. Rxc8+ Rxc8 20. Nh4 Rc2 21. Rd1 Rxb2
22. g4 Bxa3 23. g5 fxg5 24. Nf5 Nc6 25. Bh3 Bb4 26. Nf1 Nxd2 27. Nxd2 g6 28.
hxg6 hxg6 29. Nh6+ Kg7 30. Bxe6 Qxe6 31. Ng4 Rxd2 32. Rxd2 Bxd2 33. f3 Bf4 34.
Kg2 a5 35. Qc2 a4 36. Qxa4 Ne7 37. Qb5 Qc6 38. Qb3 b5 39. Qb4 Kf7 40. Nh6+ Ke8
41. Qb3 Kd7 42. Qf7 Qc2+ 43. Kf1 Qd1+ 44. Kg2 Qe2+ 45. Kh3 Qxf3# 0-1

[Event "Women's Speed Chess Q3"]
[Site "chess.com INT"]
[Date "2021.05.30"]
[Round "7"]
[White "Sikorova, Olga"]
[Black "Paehtz, Elisabeth"]
[Result "0-1"]
[WhiteTitle "WGM"]
[BlackTitle "IM"]
[WhiteElo "2215"]
[BlackElo "2456"]
[WhiteFideId "307033"]
[BlackFideId "4641833"]
[EventDate "2021.05.30"]

1. c4 g6 2. g3 Bg7 3. Bg2 d6 4. Nc3 e5 5. e4 Nc6 6. Nge2 Nge7 7. O-O h5 8. h4
Bg4 9. f3 Be6 10. d3 Qd7 11. Nd5 Bxd5 12. cxd5 Nd8 13. Bg5 f6 14. Be3 c6 15.
dxc6 Ndxc6 16. d4 d5 17. dxe5 Nxe5 18. Nc3 dxe4 19. Qxd7+ Nxd7 20. Nxe4 Nf5 21.
Bc5 Nxc5 22. Nxc5 O-O 23. Kf2 Rfc8 24. Rac1 Bf8 25. Ne6 Re8 26. Nxf8 Kxf8 27.
Bh3 Nd4 28. Rfe1 Rad8 29. Bf1 Nf5 30. Rxe8+ Kxe8 31. Rc2 b6 32. Bb5+ Ke7 33.
Rc7+ Ke6 34. Rxa7 Rd2+ 35. Ke1 Rxb2 36. Bc4+ Ke5 37. Bb3 Nxg3 38. Rb7 Nf5 39.
Rxb6 Nxh4 40. Rb5+ Kf4 41. Rb4+ Kg3 42. Kd1 Nxf3 43. Kc1 Rf2 44. a4 h4 45. Be6
f5 46. Rb3 h3 47. Bd5 h2 0-1